000 00840cad a22002055a 4500
001 L156654
008 120618e20120202xxk f 000 0 eng d
035 _a(Sirsi) u156654
041 0 _aeng
110 2 _aMarkit
_95915
245 0 0 _aConstruction growth continues to slow in May
_h[electronic resource]
260 _c2012
490 _aMarkit/CIPS UK Construction PMI News Release
_v6 June 2012
520 _aKey points include output growth hits three-month low, new business rises at much slower pace, and confidence in business outlook drops sharply since April.
590 _aKA
651 4 _aUnited Kingdom
_y
690 _aConstruction management
_96230
856 4 0 _uhttps://www.markiteconomics.com/MarkitFiles/Pages/ViewPressRelease.aspx?ID=9660
_zView the news release free of charge at www.markiteconomics.com
942 _n0
999 _c114346
_d114346